| 000 | 00726nam a2200217 a 4500 | ||
|---|---|---|---|
| 001 | 000226906 | ||
| 003 | AM-YeHGA | ||
| 005 | 20250617153516.0 | ||
| 008 | 030520s1979 ai r 000 0 rus d | ||
| 040 | _aAM-YeHGA | ||
| 041 | 1 |
_arus _hbul |
|
| 100 | 1 | _aДимитров, Д.Я. | |
| 245 | 1 | 0 |
_aХориальный гонадотропин человека / _cД.Я. Димитров ; Перевод с болг. И.П. Папазова. |
| 260 |
_aМосква : _bМедицина, _c1979. |
||
| 300 |
_a143 с. : _bил. ; _c20 см. |
||
| 504 | _aБиблиогр.: с. 132-141 | ||
| 650 | 1 | 4 | _aГонадотропины |
| 700 | 1 |
_aПапазов, И.П. _eпер. _4trl |
|
| 942 |
_2udc _cBK |
||
| 090 | _c395041 | ||
| 999 |
_c393018 _d393018 |
||